Riconosci il Pokémon - Quiz n°312 - Statistics

Statistiche generali
  • Questo quiz è stato fatto 0 volte
  • Il punteggio medio è 0 su 10
Statistiche sulle risposte
Indizio Risposta % Corretto
Altezza 1,5 m
0%
Tasso di cattura 25 (7.7%)
0%
Peso 45,0 kg
0%
Sesso 50% ♂, 50% ♀
0%
Pokémon Glimmora
0%
Abilità Mantossina; Corrosione
0%
Tasso di allevamento Medio-Lento
0%
Generazione Nona
0%
Stadio evoluzione Prima evoluzione
0%
Tipo Roccia / Veleno
0%
Nessun quiz corrispondente trovato
Distribuzione punteggi
Percentuale di utenti per punteggio
Percentile per numero di risposta
I tuoi punteggi nel tempo
Non hai fatto questo quiz